| 000 | 00846nam a2200289 i 4500 | ||
|---|---|---|---|
| 999 |
_c200443036 _d61248 |
||
| 001 | 200443036 | ||
| 003 | TR-AnTOB | ||
| 005 | 20230530001115.0 | ||
| 007 | ta | ||
| 008 | 990621s1966 tu d 000 0 tur d | ||
| 035 | _a(TR-AnTOB)200443036 | ||
| 040 |
_aTR-AnTOB _beng _erda _cTR-AnTOB |
||
| 041 | 0 | _atur | |
| 050 | 4 |
_aHF5484 _b.D47 1966 |
|
| 090 |
_aHF5484 _b.D47 1966 |
||
| 245 | 1 | 0 | _aDepoculuk hakkında etüd ve İstanbuldaki depolar. |
| 264 | 1 |
_aİstanbul : _bİstanbul Ticaret Odası, _c1966. |
|
| 300 |
_a30 pages : _btables ; _c23 cm |
||
| 336 |
_atext _btxt _2rdacontent |
||
| 337 |
_aunmediated _bn _2rdamedia |
||
| 338 |
_avolume _bnc _2rdacarrier |
||
| 650 | 7 |
_aDepolar _xYönetim _2etuturkob _9132151 |
|
| 710 | 2 |
_aİstanbul Ticaret Odası _919571 |
|
| 942 |
_2lcc _cBK |
||